Die Pfefferkörner - 13. Generation - Statistiken

Allgemein
  • Dieses Quiz wurde 75 mal gespielt
  • Das Durchschnittsergebnis liegt bei 4 aus 6
Antwortstatistiken
Bildquiz Antwort % Korrekt
Pepper
89%
Moritz Bruns
84%
Amy Bruns
73%
Leonie "Leo" Neumann
73%
Hakim Al-Khalil
66%
Jasina Al-Khalil
64%
Keine übereinstimmenden Quizze gefunden
Verteilung der Resultate
Anzahl Personen mit jedem Resultat
Perzentil nach korrekt beantworteten Fragen
Ihre Resultats-Entwicklung
Sie haben dieses Quiz noch nicht gespielt